<?xml version="1.0" encoding="UTF-8"?>
<record
    xmlns:xsi="http://www.w3.org/2001/XMLSchema-instance"
    xsi:schemaLocation="http://www.loc.gov/MARC21/slim http://www.loc.gov/standards/marcxml/schema/MARC21slim.xsd"
    xmlns="http://www.loc.gov/MARC21/slim">

  <leader>00389nam a22001577a 4500</leader>
  <controlfield tag="003">OSt</controlfield>
  <controlfield tag="005">20231123065429.0</controlfield>
  <controlfield tag="008">230210b        xxu||||| |||| 00| 0 eng d</controlfield>
  <datafield tag="020" ind1=" " ind2=" ">
    <subfield code="a">9789327286724</subfield>
  </datafield>
  <datafield tag="040" ind1=" " ind2=" ">
    <subfield code="c">IIMT UNIVERSITY MEERUT</subfield>
  </datafield>
  <datafield tag="100" ind1=" " ind2=" ">
    <subfield code="a">YADAV,RAJENDRA KUMAR</subfield>
  </datafield>
  <datafield tag="245" ind1=" " ind2=" ">
    <subfield code="a">INTELLECTUAL PROPERTY RIGHTS</subfield>
  </datafield>
  <datafield tag="260" ind1=" " ind2=" ">
    <subfield code="a">NEW DELHI</subfield>
    <subfield code="b">KALYANI</subfield>
    <subfield code="c">2023</subfield>
  </datafield>
  <datafield tag="300" ind1=" " ind2=" ">
    <subfield code="a">258</subfield>
  </datafield>
  <datafield tag="942" ind1=" " ind2=" ">
    <subfield code="2">ddc</subfield>
    <subfield code="c">02</subfield>
  </datafield>
  <datafield tag="999" ind1=" " ind2=" ">
    <subfield code="c">56391</subfield>
    <subfield code="d">56391</subfield>
  </datafield>
  <datafield tag="952" ind1=" " ind2=" ">
    <subfield code="0">0</subfield>
    <subfield code="1">0</subfield>
    <subfield code="2">ddc</subfield>
    <subfield code="4">0</subfield>
    <subfield code="7">0</subfield>
    <subfield code="a">01</subfield>
    <subfield code="b">01</subfield>
    <subfield code="d">2023-02-10</subfield>
    <subfield code="e">PRAKASH BOOK DEPOT</subfield>
    <subfield code="g">250.00</subfield>
    <subfield code="i">252</subfield>
    <subfield code="l">4</subfield>
    <subfield code="p">01-B-139782</subfield>
    <subfield code="r">2025-06-03</subfield>
    <subfield code="s">2025-03-08</subfield>
    <subfield code="w">2023-02-10</subfield>
    <subfield code="y">02</subfield>
  </datafield>
  <datafield tag="952" ind1=" " ind2=" ">
    <subfield code="0">0</subfield>
    <subfield code="1">0</subfield>
    <subfield code="2">ddc</subfield>
    <subfield code="4">0</subfield>
    <subfield code="7">0</subfield>
    <subfield code="a">01</subfield>
    <subfield code="b">01</subfield>
    <subfield code="d">2023-02-10</subfield>
    <subfield code="e">PRAKASH BOOK DEPOT</subfield>
    <subfield code="g">250.00</subfield>
    <subfield code="i">252</subfield>
    <subfield code="l">3</subfield>
    <subfield code="p">01-B-139783</subfield>
    <subfield code="q">2026-07-31</subfield>
    <subfield code="r">2026-04-25</subfield>
    <subfield code="s">2026-04-25</subfield>
    <subfield code="w">2023-02-10</subfield>
    <subfield code="y">02</subfield>
  </datafield>
  <datafield tag="952" ind1=" " ind2=" ">
    <subfield code="0">0</subfield>
    <subfield code="1">0</subfield>
    <subfield code="2">ddc</subfield>
    <subfield code="4">0</subfield>
    <subfield code="7">0</subfield>
    <subfield code="a">01</subfield>
    <subfield code="b">01</subfield>
    <subfield code="d">2023-02-10</subfield>
    <subfield code="e">PRAKASH BOOK DEPOT</subfield>
    <subfield code="g">250.00</subfield>
    <subfield code="i">252</subfield>
    <subfield code="l">3</subfield>
    <subfield code="p">01-B-139784</subfield>
    <subfield code="r">2025-07-02</subfield>
    <subfield code="s">2025-05-28</subfield>
    <subfield code="w">2023-02-10</subfield>
    <subfield code="y">02</subfield>
  </datafield>
  <datafield tag="952" ind1=" " ind2=" ">
    <subfield code="0">0</subfield>
    <subfield code="1">0</subfield>
    <subfield code="2">ddc</subfield>
    <subfield code="4">0</subfield>
    <subfield code="7">0</subfield>
    <subfield code="a">01</subfield>
    <subfield code="b">01</subfield>
    <subfield code="d">2023-02-10</subfield>
    <subfield code="e">PRAKASH BOOK DEPOT</subfield>
    <subfield code="g">250.00</subfield>
    <subfield code="i">252</subfield>
    <subfield code="l">3</subfield>
    <subfield code="p">01-B-139785</subfield>
    <subfield code="r">2025-07-04</subfield>
    <subfield code="s">2025-03-08</subfield>
    <subfield code="w">2023-02-10</subfield>
    <subfield code="y">02</subfield>
  </datafield>
  <datafield tag="952" ind1=" " ind2=" ">
    <subfield code="0">0</subfield>
    <subfield code="1">0</subfield>
    <subfield code="2">ddc</subfield>
    <subfield code="4">0</subfield>
    <subfield code="7">0</subfield>
    <subfield code="a">01</subfield>
    <subfield code="b">01</subfield>
    <subfield code="d">2023-02-10</subfield>
    <subfield code="e">PRAKASH BOOK DEPOT</subfield>
    <subfield code="g">250.00</subfield>
    <subfield code="i">252</subfield>
    <subfield code="l">1</subfield>
    <subfield code="p">01-B-139786</subfield>
    <subfield code="r">2023-07-07</subfield>
    <subfield code="s">2023-05-18</subfield>
    <subfield code="w">2023-02-10</subfield>
    <subfield code="y">02</subfield>
  </datafield>
</record>
